00223nam a22000857a 4500082002700000100000800027245004500035300002000080526003700100 a721.2bHOWcL-14, P-18 aHOW aHow to Build Walks, Walls & Patio Floors ap 96billc28cm a0b0c0d721_200000000000000_HOW